[Event "IECC TH-T email"]
[Site "IECC email"]
[Date "2000.01.13"]
[Round "?"]
[White "Jasinski, Jim"]
[Black "Bracamontes, John R"]
[Result "1-0"]
[WhiteElo "1429"]
[BlackElo "1370"]
[PlyCount "75"]
[EventDate "2000.??.??"]
[EventType "match (corr)"]
[EventRounds "2"]
[SourceTitle "Corr 2008"]
[Source "ChessBase"]
[SourceDate "2008.06.24"]
[SourceVersion "1"]
[SourceVersionDate "2008.06.24"]
[SourceQuality "1"]

1. d4 Nf6 2. c4 g6 3. Nc3 d5 4. cxd5 Nxd5 5. e4 Nxc3 6. bxc3 Bg7 7. Nf3 c5 8. Be3 Qa5 9. Qd2 0-0 10. Rd1 Rd8 11. Be2 Nc6 12. 0-0 cxd4 13. cxd4 Qxd2 14. Rxd2 Bg4 15. d5 Ne5 16. Nxe5 Bxe2 17. Rxe2 Bxe5 18. Rc2 b6 19. Rfc1 e6 20. f4 Bg7 21. dxe6 fxe6 22. Rc7 Bd4 23. Kf2 e5 24. g3 Rf8 25. Bxd4 exd4 26. Ke2 Rf7 27. Rxf7 Kxf7 28. Rc7+ Kg8 29. Kd3 a6 30. Kxd4 Rd8+ 31. Ke5 Re8+ 32. Kd5 Rd8+ 33. Ke6 b5 34. e5 Re8+ 35. Kd7 Kf8 36. Rc8 Rxc8 37. Kxc8 Ke7 38. Kb7 1-0